Sports Quiz

Random Sports or NFL Quiz

Super Bowl MVP Slideshow Quiz Stats

 Plays Quiz Updated Feb 11, 2020

Support Sporcle.
Go Orange.
Score 0/47 Timer 09:00
3 Plays Today
% Correct
Tom Brady
90.7%
Joe Montana
89.5%
Peyton Manning
89.4%
Eli Manning
89.3%
Aaron Rodgers
88.6%
Joe Namath
88.4%
Drew Brees
88%
John Elway
87.5%
Jerry Rice
86.3%
Steve Young
86%
Joe Flacco
85.8%
Bart Starr
85.5%
Ray Lewis
85.3%
Troy Aikman
85.1%
Terry Bradshaw
85.1%
Kurt Warner
83.8%
Emmitt Smith
82.7%
Nick Foles
81.8%
Patrick Mahomes
81.5%
Hines Ward
75.8%
Phil Simms
74.7%
Roger Staubach
74.1%
Julian Edelman
74%
Terrell Davis
72.1%
% Correct
Marcus Allen
70.9%
Von Miller
70%
Franco Harris
69.2%
Lynn Swann
60.6%
Santonio Holmes
57.8%
Larry Csonka
56.8%
John Riggins
55.1%
Doug Williams
54.6%
Len Dawson
51.4%
Jim Plunkett
51.3%
Mark Rypien
49%
Desmond Howard
48.9%
Deion Branch
45.8%
Richard Dent
44.7%
Ottis Anderson
35.8%
Randy White
31.9%
Fred Biletnikoff
31.2%
Malcolm Smith
28.5%
Dexter Jackson
26.5%
Larry Brown
26.3%
Chuck Howley
19.4%
Harvey Martin
18.7%
Jake Scott
17.3%

From the Vault

Eliminate Your Options: Sports Edition

by senordingdong

Sports 6m
Can you eliminate your options with knowledge?
Remove Ads.
Support Sporcle.
Get the best of Sporcle when you Go Orange. This ad-free experience offers more features, more stats, and more fun while also helping to support Sporcle. Thank you for becoming a member.

Show Comments

Extras

Top Quizzes Today


Score Distribution

Your Account Isn't Verified!

In order to create a playlist on Sporcle, you need to verify the email address you used during registration. Go to your Sporcle Settings to finish the process.

Report this User

Report this user for behavior that violates our Community Guidelines.

Details: